| 000 | 00808nam a2200253 a 4500 | ||
|---|---|---|---|
| 001 | 620395 | ||
| 005 | 20150209140230.0 | ||
| 008 | 920224s1991 ctuab e 001 0deng | ||
| 010 | _a 92121098 | ||
| 020 | _a9781445425740 | ||
| 040 |
_aDLC _cDLC |
||
| 050 | 0 | 0 |
_aAE 5 _b.Ex478 2013 |
| 082 | 0 | 0 | _a031 |
| 245 | 0 | 0 | _aEncyclopedia of knowledge / |
| 260 |
_aDanbury, Conn. : _bGrolier, _cc2013. |
||
| 300 |
_a20 pages : _billustrations (some color), color maps ; _c25 cm. |
||
| 500 | _aIncludes index. | ||
| 650 | 0 | _aEncyclopedias and dictionaries. | |
| 710 | 2 | _aGrolier Incorporated. | |
| 740 | 0 | _aGrolier encyclopedia of knowledge. | |
| 906 |
_a7 _bcbc _corignew _d2 _encip _f19 _gy-gencatlg |
||
| 942 |
_2lcc _cBK |
||
| 999 |
_c282560 _d282560 |
||